|
|
|
|
| LEADER |
00000nam0a2200000 4500 |
| 001 |
231201 |
| 005 |
20231101231049.0 |
| 035 |
|
|
|a (RuTPU)RU\TPU\book\252217
|
| 090 |
|
|
|a 231201
|
| 100 |
|
|
|a 20130130d1926 km y0rusy50 ca
|
| 101 |
0 |
|
|a rus
|
| 102 |
|
|
|a RU
|
| 105 |
|
|
|a y z 000zy
|
| 200 |
1 |
|
|a Отчет о деятельности Сибирского отделения Геологического Комитета за 1925 год
|f под ред. М. А. Усова
|
| 210 |
|
|
|a Томск
|c Красное знамя
|d 1926
|
| 215 |
|
|
|a 44 с.
|
| 225 |
1 |
|
|a Известия Сибирского отделения Геологического комитета
|v Т. 5, вып. 6
|
| 317 |
|
|
|5 63413507: КР-717
|a Поступила в НТБ в 2004 г. в составе книжного собрания профессора ТПИ К. В. Радугина
|
| 606 |
1 |
|
|a Геологические организации
|2 stltpush
|3 (RuTPU)RU\TPU\subj\72231
|9 85799
|
| 610 |
1 |
|
|a отчеты
|
| 610 |
1 |
|
|a деятельность
|
| 610 |
1 |
|
|a научно-техническая деятельность
|
| 610 |
1 |
|
|a административно-хозяйственные работы
|
| 610 |
1 |
|
|a библиотека К. В. Радугина
|
| 675 |
|
|
|a 550.8.02:658
|v 3
|
| 702 |
|
1 |
|a Усов
|b М. А.
|c российский геолог
|c профессор Томского технологического института
|f 1883-1939
|g Михаил Антонович
|2 stltpush
|3 (RuTPU)RU\TPU\pers\1941
|4 340
|
| 801 |
|
1 |
|a RU
|b 63413507
|c 20130130
|
| 801 |
|
2 |
|a RU
|b 63413507
|c 20211209
|g RCR
|
| 942 |
|
|
|c BK
|